Rural politics and social change in the middle east (Record no. 569386)

MARC details
000 -LEADER
fixed length control field 00876nam a2200265Ia 4500
003 - CONTROL NUMBER IDENTIFIER
control field OSt
005 - DATE AND TIME OF LATEST TRANSACTION
control field 20220925215648.0
008 - FIXED-LENGTH DATA ELEMENTS--GENERAL INFORMATION
fixed length control field 220923b |||||||| |||| 00| 0 eng d
037 ## - SOURCE OF ACQUISITION
Terms of availability General Book
040 ## - CATALOGING SOURCE
Original cataloging agency RTL
Transcribing agency RTL
Language of cataloging eng
041 ## - LANGUAGE CODE
Source of code eng
Language code of text/sound track or separate title eng
100 ## - MAIN ENTRY--PERSONAL NAME
Personal name Antoun Richard
9 (RLIN) 283261
245 #0 - TITLE STATEMENT
Title Rural politics and social change in the middle east
260 ## - PUBLICATION, DISTRIBUTION, ETC.
Place of publication, distribution, etc. London
Name of publisher, distributor, etc. Indiana University Press
Date of publication, distribution, etc. 1972
300 ## - PHYSICAL DESCRIPTION
Extent xiv, 498p
Dimensions cm.
490 ## - SERIES STATEMENT
Series statement International Development Research Centre, Studies in Development. Ed by George J Stolnitz.5
500 ## - GENERAL NOTE
General note Bibliography: P 474-98
650 ## - SUBJECT ADDED ENTRY--TOPICAL TERM
Topical term or geographic name entry element Rural Social Change
9 (RLIN) 232348
700 ## - ADDED ENTRY--PERSONAL NAME
Personal name Harik Iliya Ed.
9 (RLIN) 283262
942 ## - ADDED ENTRY ELEMENTS (KOHA)
Classification part Y31:6.46.N7, L2
Koha item type General Books
Source of classification or shelving scheme Colon Classification (CC)
Holdings
Withdrawn status Lost status Damaged status Not for loan Home library Current library Date acquired Total Checkouts Full call number Barcode Date last seen Price effective from Koha item type
        Ratan Tata Library Ratan Tata Library 2022-09-25   Y31:6.46.N7 L2 RT0076630 2022-09-25 2022-09-25 General Books
Copyright @ Delhi University Library System